000 00314nam a22001337a 4500
008 180223b xxu||||| |||| 00| 0 eng d
020 _a9788879514009
041 _aeng
080 _a616-053.2 HAY
100 _a8
101 _aPED
245 _aCurrent pediatric diagnosis& treatment
_cHay,W.W
942 _2udc
_cBK
999 _c43247
_d43247